Memoria 2006 2010: Consejo de Monumentos Nacionales

Saved in:
Bibliographic Details
Corporate Author: Consejo de Monumentos Nacionales (Author)
Format: Book
Language:Spanish
Published: Santiago Consejo de Monumentos Nacionales 2010
Subjects:
Tags: Add Tag
No Tags, Be the first to tag this record!

MARC

LEADER 00000nam a2200000 a 4500
001 UCG6360
003 CL-VaPUC
008 110421e20100300CL |||||||||||||||||spa|d
020 |a 9789567953356 
082 0 4 |a 306  |b CON  |2 21 
110 2 |a Consejo de Monumentos Nacionales  |e author  |9 556509 
245 1 0 |a Memoria 2006 2010: Consejo de Monumentos Nacionales 
300 |a 199 p 
942 |c BK 
945 |d 20110421 00:00:00  |a dcastane 
260 |a Santiago  |b Consejo de Monumentos Nacionales  |c 2010 
650 7 |a CULTURA E INSTITUCIONES  |2 CL-VaPUC  |9 556510 
650 0 |a Política cultural  |9 316492 
650 0 |a Monumentos nacionales   |9 384334 
650 0 |a Patrimonio cultural  |9 309364 
650 7 |a PARQUES NACIONALES  |2 CL-VaPUC  |9 332012 
651 7 |a CHILE  |2 CL-VaPUC  |9 556511 
583 |a last modification  |c 20110421 00:00:00  |k Rodrigo Vera 
999 |c 344616  |d 344614 
952 |0 0  |1 0  |4 0  |6 306_000000000000000_CON_2010  |7 0  |8 C  |9 442687  |a BIBCUR  |b BIBCUR  |d 2019-11-22  |i 4741560  |l 1  |o 306 CON 2010  |p 4741560  |r 2025-04-22  |s 2024-05-29  |w 2019-11-22  |y BK  |k CAC